All Newfoundland and Labrador MPs and Federal Ridings - Statistics

General Stats
  • This quiz has been taken 6 times
  • The average score is 10 of 14
Answer Stats
Riding/MP % Correct
Avalon
83%
Carol Anstey
83%
Jonathan Rowe
83%
St. John's East
83%
Terra Nova—The Peninsulas
83%
Cape Spear
67%
Central Newfoundland
67%
Clifford Small
67%
Joanne Thompson
67%
Labrador
67%
Long Range Mountains
67%
Paul Connors
67%
Philip Earle
67%
Tom Osborne
50%
No matching quizzes found
Score Distribution
Percent of People with Each Score
Percentile by Number Answered
Your Score History
You have not taken this quiz